000 00746nam a22002537a 4500
001 0121
003 DO-SdBNP
005 20230515103036.0
007 0121
008 151005b2000 ag 00| 0 spa d
020 _a9500718219
040 _aBPMSU
_bspa
_cBPMSU
082 4 _aU861.44
_bB462c 2000
_222
100 1 _aBenedetti, Mario
_d1920-2009
_942
245 1 3 _aLa casa y el ladrillo /
_cMario Benedetti
260 _aBuenos Aires, Argentina :
_bEditorial Sudamericana,
_c2000.
300 _a153 p. :
_c18 cm.
490 0 _aBiblioteca Mario Benedetti
590 _aInventariado, 2023/VM
650 4 _aPoesía uruguaya
_vColecciones
650 4 _aLiteratura uruguaya
910 _aYLockward/ VMateo V. Control de calidad (BPMSU)
942 _2ddc
_cBK
999 _c8684
_d8684